=LDR 00000nam 2200000 4500 =001 INLIS000000000027461 =005 20130612125832 =008 ***********************************Ind** =035 ##$$0010-061300000027461 =041 ##$$a Ind =082 ##$$a 621.3857 =090 ##$$a 621.3857, Lev c =100 ##$$a Levin,charles =245 ##$$a Cara praktis merawat dan memperbaiki ponsel, Charles Levin =260 ##$$a 2006 $b Surabaya =300 ##$$a 120 hlm, ilus, 17 cm =650 ##$$a Handphon-Pemeliharaan =850 ##$$a NBPNMAT